[Event "Velka cena Tabora"]
[Site "?"]
[Date "2018.08.04"]
[Round "8.42"]
[White "Rolinkova, Adela"]
[Black "Straka, Zdenek"]
[Result "1/2-1/2"]
[WhiteElo "1129"]
[BlackElo "1776"]
[PlyCount "142"]
[EventDate "2018.??.??"]

1. e4 c5 2. Nf3 d6 3. d4 cxd4 4. Nxd4 Nf6 5. Nc3 a6 6. Be2 e5 7. Nb3 Be6 8. Bg5
b5 9. Bxf6 Qxf6 10. Nd5 Qd8 11. O-O Nd7 12. Qd3 Nb6 13. Rad1 Nxd5 14. exd5 Bd7
15. Rfe1 f5 16. Bf1 Be7 17. g3 O-O 18. Bh3 Rc8 19. c3 g5 20. f3 Rf7 21. Qe2 Bf6
22. g4 f4 23. Qe4 Rc4 24. Qc2 Rg7 25. Bf1 Rc8 26. Bd3 Qb6+ 27. Kg2 Rc7 28. a3
Be8 29. Nd2 Bf7 30. Be4 Qb7 31. Nb3 Bd8 32. Qf2 Qa7 33. Qxa7 Rxa7 34. Nd2 Bb6
35. c4 Be8 36. Bf5 Kf8 37. Rc1 Be3 38. Rc2 Bxd2 39. Rxd2 bxc4 40. Rc1 Bb5 41.
Rdc2 Rgb7 42. a4 Bxa4 43. Rxc4 Rxb2+ 44. Kg1 Rbb7 45. Rxa4 Rb3 46. Be4 Rb6 47.
Rc8+ Kg7 48. Rac4 Rbb7 49. R8c6 Rd7 50. Bf5 Rd8 51. Rc7+ Rxc7 52. Rxc7+ Kf6 53.
Rxh7 Ra8 54. Rd7 e4 55. Bxe4 Ke5 56. Rb7 a5 57. Rb2 a4 58. Ra2 a3 59. Kf1 Kd4
60. Bb1 Ra7 61. Be4 Kc3 62. Ke1 Kb3 63. Bb1 Re7+ 64. Kd1 Re3 65. Rf2 Rc3 66. h3
Re3 67. Bc2+ Kc3 68. Bb1 Kb3 69. Bc2+ Kc3 70. Bb1 Kb3 71. Bc2+ Kc3 1/2-1/2

[Event "Velka cena Tabora"]
[Site "?"]
[Date "2018.08.04"]
[Round "8.43"]
[White "Zimovcak, Zdenek"]
[Black "Porazil, Jan Frantisek"]
[Result "1/2-1/2"]
[WhiteElo "1609"]
[BlackElo "1334"]
[PlyCount "49"]
[EventDate "2018.??.??"]

1. c4 e5 2. Nc3 Nc6 3. e4 Nf6 4. d3 Bc5 5. h3 h6 6. Nf3 O-O 7. a3 d6 8. b4 Bd4
9. Nxd4 Nxd4 10. Be3 b6 11. Bxd4 exd4 12. Ne2 c5 13. b5 Bb7 14. g3 Nd7 15. Bg2
Qe7 16. O-O Rae8 17. Re1 f5 18. f3 Qf6 19. Rf1 Qe7 20. Ra2 fxe4 21. fxe4 Ne5
22. Nc1 Rxf1+ 23. Qxf1 Rf8 24. Rf2 Rxf2 25. Qxf2 1/2-1/2

[Event "Velka cena Tabora"]
[Site "?"]
[Date "2018.08.04"]
[Round "8.44"]
[White "Novak, Rudolf"]
[Black "Veverkova, Dorota"]
[Result "0-1"]
[WhiteElo "1584"]
[BlackElo "1277"]
[PlyCount "98"]
[EventDate "2018.??.??"]

1. e4 e5 2. Nf3 Nc6 3. Bb5 a6 4. Ba4 Nf6 5. O-O Bc5 6. d3 O-O 7. Bxc6 dxc6 8.
Nxe5 Re8 9. Nf3 Bg4 10. h3 Bh5 11. Bg5 h6 12. Bh4 g5 13. Bg3 g4 14. hxg4 Bxg4
15. Bh4 Kh7 16. c3 Be7 17. Nbd2 Qxd3 18. Qb3 Be6 19. Qxb7 Qd7 20. Ne5 Qxd2 21.
Nxc6 Qf4 22. Bg3 Qxe4 23. Rfe1 Qd5 24. Rad1 Qb5 25. Qxb5 axb5 26. a3 Bc5 27.
Nd4 Bxd4 28. Rxd4 c5 29. Rh4 Bc4 30. Re5 Rxe5 31. Bxe5 Nd7 32. Bf4 Ra6 33. g4
Kg7 34. Bg3 Re6 35. f4 Re2 36. Rh2 Nf6 37. Rxe2 Bxe2 38. g5 hxg5 39. fxg5 Ne4
40. Bf4 Kg6 41. Be3 Nxg5 42. Kf2 Bc4 43. Kg3 Ne4+ 44. Kf4 Bd3 45. b3 Nxc3 46.
Bxc5 Bc2 47. a4 bxa4 48. bxa4 Bxa4 49. Be3 Nd5+ 0-1

[Event "Velka cena Tabora"]
[Site "?"]
[Date "2018.08.04"]
[Round "8.45"]
[White "Vojtek, Pavel"]
[Black "Kukacka, Ladislav"]
[Result "0-1"]
[WhiteElo "1212"]
[BlackElo "1549"]
[PlyCount "64"]
[EventDate "2018.??.??"]

1. e4 d6 2. d4 Nf6 3. Nc3 g6 4. Nf3 Bg7 5. Bc4 O-O 6. O-O c6 7. Bg5 b5 8. Bb3
b4 9. Ne2 Nxe4 10. Re1 Nxg5 11. Nxg5 e5 12. Nf3 e4 13. Nd2 d5 14. f3 Qb6 15. c3
e3 16. Nf1 Re8 17. Neg3 Bh6 18. h3 bxc3 19. bxc3 Qc7 20. Ne2 Ba6 21. Neg3 Nd7
22. Bc2 c5 23. Bb3 c4 24. Ba4 Re7 25. Re2 Nb6 26. Qc2 Bf4 27. Nh1 Bc8 28. Rae1
Bf5 29. Qd1 Nxa4 30. Qxa4 Bd3 31. Rb2 e2 32. Nd2 Be3+ 0-1

[Event "Velka cena Tabora"]
[Site "?"]
[Date "2018.08.04"]
[Round "8.46"]
[White "Ruta, Vit"]
[Black "Sindelka, Vladimir"]
[Result "0-1"]
[WhiteElo "1384"]
[BlackElo "1489"]
[PlyCount "84"]
[EventDate "2018.??.??"]

1. e4 e6 2. d4 c6 3. Bd3 d5 4. e5 b6 5. Bf4 Ba6 6. Nf3 Bxd3 7. Qxd3 h6 8. O-O
Qd7 9. Nbd2 c5 10. b3 cxd4 11. Nxd4 Bc5 12. N2f3 Nc6 13. c3 Nge7 14. b4 Bxd4
15. Nxd4 Ng6 16. Qe3 O-O 17. Rfe1 Rfc8 18. Rac1 a6 19. Bg3 Qe7 20. Nxc6 Rxc6
21. Qd4 Rac8 22. a3 b5 23. f3 Rc4 24. Qe3 Qc7 25. Kf2 Rxc3 26. Rxc3 Qxc3 27.
Qxc3 Rxc3 28. Re3 Rc4 29. Ke1 Ne7 30. Kd2 Nc6 31. Rc3 Kf8 32. Rxc4 dxc4 33. Kc3
Ke7 34. f4 f6 35. exf6+ Kxf6 36. Bf2 Kf5 37. Be3 Ke4 38. Bd2 e5 39. fxe5 Nxe5
40. h3 Ng6 41. Be1 Nf4 42. Bg3 Ne2+ 0-1

[Event "Velka cena Tabora"]
[Site "?"]
[Date "2018.08.04"]
[Round "8.47"]
[White "Tipplova, Adela"]
[Black "Zilava, Anezka"]
[Result "0-1"]
[WhiteElo "1117"]
[BlackElo "1322"]
[PlyCount "60"]
[EventDate "2018.??.??"]

1. e4 e5 2. f4 d6 3. Nf3 Bg4 4. Bc4 Qf6 5. Nc3 Nc6 6. Nd5 Qd8 7. c3 Nge7 8. O-O
f5 9. d3 Na5 10. Ne3 Bh5 11. exf5 Nxc4 12. dxc4 exf4 13. Nd5 Nxf5 14. Re1+ Be7
15. Bxf4 O-O 16. Nxe7+ Nxe7 17. Rxe7 Qxe7 18. Qd5+ Qf7 19. g3 Qxd5 20. cxd5
Bxf3 21. c4 Rae8 22. Rf1 Be2 23. Rc1 Re4 24. b3 Rfe8 25. Kf2 Bg4 26. a4 Re2+
27. Kf1 Bh3+ 28. Kg1 Re1+ 29. Rxe1 Rxe1+ 30. Kf2 Rb1 0-1

[Event "Velka cena Tabora"]
[Site "?"]
[Date "2018.08.04"]
[Round "8.48"]
[White "Postl, Frantisek"]
[Black "Handlovsky, Jachym"]
[Result "1-0"]
[WhiteElo "1000"]
[BlackElo "1225"]
[PlyCount "79"]
[EventDate "2018.??.??"]

1. e4 e5 2. Nf3 Nc6 3. d4 exd4 4. Nxd4 Bc5 5. Nb3 Bb6 6. Nc3 d6 7. Bc4 Qf6 8.
Qe2 Qg6 9. g3 Nf6 10. Bd2 O-O 11. O-O-O Re8 12. f3 Bd7 13. Bf4 a5 14. h4 h5 15.
Nd5 Nxd5 16. Rxd5 a4 17. Nd2 Nd4 18. Qd3 Nc6 19. Rg5 Qf6 20. a3 Ne5 21. Bxe5
Rxe5 22. Rxe5 Qxe5 23. f4 Qc5 24. Qd5 Qxd5 25. Bxd5 c6 26. Bc4 Re8 27. Re1 d5
28. Bd3 c5 29. e5 c4 30. Be2 Bg4 31. Bxg4 hxg4 32. c3 Bc7 33. Nf1 f5 34. Ne3
Rd8 35. Nxf5 g6 36. Nh6+ Kg7 37. Nxg4 d4 38. e6 d3 39. Kd2 Kf8 40. e7+ 1-0

[Event "Velka cena Tabora"]
[Site "?"]
[Date "2018.08.05"]
[Round "9.41"]
[White "Nagyova, Daniela"]
[Black "Varga, Hynek"]
[Result "1/2-1/2"]
[WhiteElo "1238"]
[BlackElo "1473"]
[PlyCount "156"]
[EventDate "2018.??.??"]

1. e4 e5 2. Nf3 Nc6 3. Bc4 Nf6 4. d3 Bc5 5. c3 d6 6. Be3 Bb6 7. Nbd2 Bg4 8. Qc2
Qe7 9. Bb5 Bd7 10. Bc4 Ng4 11. d4 exd4 12. cxd4 h6 13. h3 Nf6 14. O-O-O O-O-O
15. d5 Ne5 16. Nxe5 Bxe3 17. Nxd7 Bxd2+ 18. Rxd2 Nxd7 19. f3 Nb6 20. Kb1 Kb8
21. Rc1 Qd7 22. Qc3 f6 23. Rdc2 Rc8 24. b3 c6 25. Qd3 cxd5 26. Bb5 dxe4 27.
Rxc8+ Rxc8 28. Rxc8+ Nxc8 29. fxe4 Qc7 30. Bc4 Ne7 31. g4 Ng6 32. Qd5 a6 33.
Qd2 Ne5 34. Qb4 Qc5 35. Qd2 Kc7 36. Bd5 Nc6 37. Qg2 Nb4 38. h4 Nd3 39. Qd2 Qg1+
40. Kc2 Ne1+ 41. Kc3 Qc5+ 42. Bc4 Qe5+ 43. Qd4 Nf3 44. Qxe5 Nxe5 45. Be6 g6 46.
Kb4 Kb6 47. Kc3 a5 48. a3 Kc5 49. Bc8 b5 50. b4+ axb4+ 51. axb4+ Kc6 52. Be6 h5
53. gxh5 gxh5 54. Kc2 Nf3 55. Bf7 Nxh4 56. Bxh5 d5 57. Be8+ Kd6 58. exd5 Kxd5
59. Bxb5 Nf5 60. Bd3 Nd6 61. b5 Kc5 62. Kd2 Nxb5 63. Bxb5 Kxb5 64. Ke3 Kc5 65.
Kf4 Kd6 66. Kf5 Ke7 67. Kf4 Ke6 68. Ke4 Kf7 69. Kf5 Ke7 70. Kf4 Ke6 71. Ke4 f5+
72. Kf3 Ke5 73. Ke3 f4+ 74. Kf2 Ke4 75. Ke2 Ke5 76. Kf2 Kf6 77. Kf3 Kf5 78. Kf2
Kg4 1/2-1/2

[Event "Velka cena Tabora"]
[Site "?"]
[Date "2018.08.05"]
[Round "9.42"]
[White "Zilava, Anezka"]
[Black "Cieslak, Leszek"]
[Result "1/2-1/2"]
[WhiteElo "1322"]
[BlackElo "1926"]
[PlyCount "85"]
[EventDate "2018.??.??"]

1. e4 c5 2. Bc4 e6 3. Nc3 a6 4. a4 b6 5. Nf3 Nc6 6. d3 g6 7. Bf4 d6 8. O-O Bg7
9. Qd2 Nge7 10. Bh6 O-O 11. Bxg7 Kxg7 12. d4 d5 13. exd5 exd5 14. Be2 c4 15.
Qf4 Be6 16. Ne5 Qd6 17. Qg3 Nf5 18. Qf3 Ncxd4 19. Qf4 Nxe2+ 20. Nxe2 f6 21. Nf3
Qxf4 22. Nxf4 Bf7 23. Rad1 Rad8 24. Rfe1 Rd6 25. g4 Nh6 26. h3 Rfd8 27. Nd4
R8d7 28. Nfe6+ Bxe6 29. Nxe6+ Kf7 30. Nd4 Ng8 31. c3 Ne7 32. f3 Nc6 33. Kf2 Ne5
34. Re2 Nd3+ 35. Kg3 Re7 36. Rxe7+ Kxe7 37. b4 Kf7 38. f4 Rd7 39. Nc6 Rd6 40.
Nd4 Rd8 41. Kf3 Re8 42. Ne2 Re4 43. a5 1/2-1/2

[Event "Velka cena Tabora"]
[Site "?"]
[Date "2018.08.05"]
[Round "9.43"]
[White "Straka, Zdenek"]
[Black "Zimovcak, Zdenek"]
[Result "1-0"]
[WhiteElo "1776"]
[BlackElo "1609"]
[PlyCount "59"]
[EventDate "2018.??.??"]

1. d4 d5 2. Nf3 e6 3. Bg5 Be7 4. h4 h6 5. Bf4 c5 6. c3 Nc6 7. e3 Nf6 8. Bd3 c4
9. Bc2 Bd6 10. Be5 Bxe5 11. Nxe5 Nxe5 12. dxe5 Nd7 13. f4 b6 14. Ba4 O-O 15.
Bxd7 Qxd7 16. Nd2 Bb7 17. Nf3 Rad8 18. Qd4 Ba8 19. O-O-O b5 20. g4 Qb7 21. h5
a5 22. Rdg1 Kh8 23. g5 b4 24. Rh2 Qb5 25. gxh6 gxh6 26. f5 Qa4 27. Qf4 Kh7 28.
f6 Rg8 29. Rhg2 Rxg2 30. Rxg2 1-0

[Event "Velka cena Tabora"]
[Site "?"]
[Date "2018.08.05"]
[Round "9.44"]
[White "Abraham, Karel"]
[Black "Kral, Ladislav"]
[Result "1-0"]
[WhiteElo "1676"]
[BlackElo "1516"]
[PlyCount "43"]
[EventDate "2018.??.??"]

1. e4 e6 2. d4 d5 3. e5 c5 4. c3 Nc6 5. Nf3 cxd4 6. cxd4 Qb6 7. a3 Nge7 8. b4
Ng6 9. Bb2 Bd7 10. Nc3 Be7 11. Na4 Qd8 12. Nc5 Bxc5 13. bxc5 b6 14. Rc1 bxc5
15. Rxc5 Qb6 16. Rb5 Qd8 17. Rc5 Qb6 18. Bc1 Ngxe5 19. Nxe5 Nxe5 20. Qe2 O-O
21. Qxe5 Rfc8 22. Qe3 1-0

[Event "Velka cena Tabora"]
[Site "?"]
[Date "2018.08.05"]
[Round "9.45"]
[White "Porazil, Jan Frantisek"]
[Black "Severa, Jiri"]
[Result "0-1"]
[WhiteElo "1334"]
[BlackElo "1633"]
[PlyCount "42"]
[EventDate "2018.??.??"]

1. e4 d5 2. exd5 Qxd5 3. Nc3 Qa5 4. Nf3 Bg4 5. Be2 Nf6 6. O-O e6 7. d3 c6 8.
Bd2 Qc7 9. Ne4 Nxe4 10. dxe4 Bd6 11. g3 O-O 12. Re1 Nd7 13. Bc3 Rad8 14. Qd3
Ne5 15. Nxe5 Bxe2 16. Rxe2 Bxe5 17. Bxe5 Qxe5 18. Qb3 b6 19. f4 Qd4+ 20. Kf1
Rd7 21. Ke1 Qg1# 0-1

[Event "Velka cena Tabora"]
[Site "?"]
[Date "2018.08.05"]
[Round "9.46"]
[White "Novak, Rudolf"]
[Black "Postl, Frantisek"]
[Result "1/2-1/2"]
[WhiteElo "1584"]
[BlackElo "1000"]
[PlyCount "86"]
[EventDate "2018.??.??"]

1. e4 e5 2. Nf3 Nc6 3. Bb5 a6 4. Ba4 Nf6 5. O-O Nxe4 6. Re1 Nc5 7. Bxc6 bxc6 8.
Nxe5 Be7 9. d4 Ne6 10. c3 O-O 11. Be3 Re8 12. Nd2 Bb7 13. Nb3 Bd6 14. Qf3 Rb8
15. Qxf7+ Kh8 16. Qxd7 Qf6 17. Nf7+ Kg8 18. Bg5 Qxf7 19. Qxf7+ Kxf7 20. Be3 Kf8
21. c4 Bb4 22. Red1 Rbd8 23. a3 Be7 24. c5 Rd5 25. Na5 Ba8 26. Rd2 Red8 27.
Rad1 Bf6 28. Nb3 a5 29. a4 Bb7 30. g3 Ba6 31. Nxa5 Bxd4 32. Nxc6 Bxe3 33. Rxd5
Rxd5 34. Ne7 Kf7 35. Nxd5 Bxc5 36. b4 Ba7 37. Re1 Bb7 38. Nc3 Nd4 39. Rd1 Nf3+
40. Kf1 Nxh2+ 41. Kg1 Nf3+ 42. Kf1 Nh2+ 43. Kg1 Nf3+ 1/2-1/2

[Event "Velka cena Tabora"]
[Site "?"]
[Date "2018.08.05"]
[Round "9.47"]
[White "Vanek, Frantisek"]
[Black "Ruta, Vit"]
[Result "1/2-1/2"]
[WhiteElo "1421"]
[BlackElo "1384"]
[PlyCount "66"]
[EventDate "2018.??.??"]

1. Nf3 Nc6 2. c4 e5 3. d3 Bc5 4. g3 d6 5. Bg2 h6 6. O-O Nf6 7. Nc3 O-O 8. h3
Be6 9. Nh2 Qd7 10. g4 h5 11. e4 hxg4 12. Bg5 Nh7 13. Be3 gxh3 14. Bf3 Nd4 15.
Bxd4 Bxd4 16. Rb1 Bxc3 17. bxc3 b6 18. Qd2 f6 19. Kh1 Kh8 20. Rg1 Rg8 21. Rg3
g5 22. Rbg1 Rg7 23. Bg4 Rag8 24. Rxh3 Bxg4 25. Nxg4 Rf8 26. Rh6 Qe8 27. Ne3 Rg6
28. Rxg6 Qxg6 29. f3 Kg7 30. Nf5+ Kf7 31. Qh2 Rh8 32. Kg2 Ke8 33. Rh1 Kf7
1/2-1/2

[Event "Velka cena Tabora"]
[Site "?"]
[Date "2018.08.05"]
[Round "9.48"]
[White "Tipplova, Adela"]
[Black "Vojtek, Pavel"]
[Result "1/2-1/2"]
[WhiteElo "1117"]
[BlackElo "1212"]
[PlyCount "45"]
[EventDate "2018.??.??"]

1. e4 e6 2. d4 d5 3. exd5 exd5 4. Nf3 Nf6 5. Bd3 Bg4 6. Bg5 Be7 7. Nbd2 h6 8.
Bxf6 Bxf6 9. Nb3 O-O 10. O-O Nc6 11. c3 Re8 12. Bc2 Bh5 13. h3 Ne7 14. Re1 Bg6
15. Bxg6 Nxg6 16. Qd3 c6 17. Nbd2 Qd7 18. Nf1 Re6 19. Rxe6 Qxe6 20. Re1 Qd7 21.
Ng3 Re8 22. Rxe8+ Qxe8 23. Qc2 1/2-1/2

[Event "Velka cena Tabora"]
[Site "?"]
[Date "2018.08.03"]
[Round "7.41"]
[White "Sindelka, Vladimir"]
[Black "Privoznik, Lubos"]
[Result "0-1"]
[WhiteElo "1489"]
[BlackElo "1626"]
[PlyCount "66"]
[EventDate "2018.??.??"]

1. e4 e6 2. d4 d5 3. Nd2 dxe4 4. Nxe4 Nd7 5. Bd3 Ngf6 6. Ng3 c5 7. N1e2 cxd4 8.
Nxd4 a6 9. a4 Bc5 10. Nb3 Ba7 11. Qe2 Qc7 12. Be3 Bxe3 13. Qxe3 O-O 14. Qe2 e5
15. h4 Nb6 16. Ne4 Nxe4 17. Bxe4 f5 18. a5 fxe4 19. axb6 Qxb6 20. O-O Bf5 21.
Ra5 Rfe8 22. g4 Qg6 23. g5 Qb6 24. Qe3 Qb4 25. Qc5 Qxc5 26. Rxc5 Rac8 27. Re1
b6 28. Rxc8 Rxc8 29. Nd2 Rxc2 30. Nxe4 Bxe4 31. Rxe4 Rxb2 32. Rxe5 Kf7 33. h5
Rb5 0-1

[Event "Velka cena Tabora"]
[Site "?"]
[Date "2018.08.03"]
[Round "7.42"]
[White "Zimovcak, Zdenek"]
[Black "Vojta, Ladislav"]
[Result "0-1"]
[WhiteElo "1609"]
[BlackElo "1468"]
[PlyCount "102"]
[EventDate "2018.??.??"]

1. e4 e5 2. c4 Nf6 3. d3 d6 4. Nf3 c5 5. Nc3 b6 6. Be2 h6 7. a3 Nc6 8. Bd2 Be7
9. h3 O-O 10. Qc1 Kh7 11. Nd1 Nd4 12. Nxd4 cxd4 13. b4 Ne8 14. Bf3 Bg5 15. Bxg5
Qxg5 16. Qxg5 hxg5 17. g4 Nc7 18. Nb2 b5 19. cxb5 Nxb5 20. Bd1 Be6 21. Nc4 f6
22. f3 d5 23. Na5 dxe4 24. fxe4 Rac8 25. a4 Nc3 26. Kd2 a6 27. Nb7 Rb8 28. Nc5
Bc8 29. Bb3 Rxb4 30. a5 Bb7 31. Bc4 Ra8 32. Rhc1 Rb2+ 33. Rc2 Rxc2+ 34. Kxc2
Bc8 35. Ra3 Ra7 36. Rb3 Rc7 37. Nxa6 Bxa6 38. Bxa6 Nxe4+ 39. Bc4 Nd6 40. Rb4
Ra7 41. a6 Nxc4 42. dxc4 Rxa6 43. c5 Rc6 44. Rc4 Kg6 45. Kd3 f5 46. gxf5+ Kxf5
47. Rc1 Ke6 48. Kc4 d3 49. Rg1 e4 50. Rxg5 Rc7 51. Kb5 d2 0-1

[Event "Velka cena Tabora"]
[Site "?"]
[Date "2018.08.03"]
[Round "7.43"]
[White "Havelkova, Beata"]
[Black "Novak, Rudolf"]
[Result "1-0"]
[WhiteElo "1100"]
[BlackElo "1584"]
[PlyCount "37"]
[EventDate "2018.??.??"]

1. e4 c5 2. Nf3 Nc6 3. d4 cxd4 4. Nxd4 e6 5. Nc3 a6 6. Be3 Nf6 7. Bd3 Be7 8.
Qe2 O-O 9. O-O-O Ne5 10. f4 Nxd3+ 11. Qxd3 d5 12. e5 Nd7 13. Bf2 f6 14. Nxe6
Nc5 15. Nxc5 fxe5 16. Qxd5+ Qxd5 17. Nxd5 Bxc5 18. Bxc5 Rxf4 19. Nxf4 1-0

[Event "Velka cena Tabora"]
[Site "?"]
[Date "2018.08.03"]
[Round "7.44"]
[White "Porazil, Jan Frantisek"]
[Black "Cieslak, Leszek"]
[Result "0-1"]
[WhiteElo "1334"]
[BlackElo "1926"]
[PlyCount "54"]
[EventDate "2018.??.??"]

1. e4 c5 2. Nf3 d6 3. d4 cxd4 4. Nxd4 Nf6 5. Nc3 g6 6. Bc4 Bg7 7. O-O O-O 8. f4
Qb6 9. Kh1 Nxe4 10. Nxe4 Qxd4 11. Qxd4 Bxd4 12. c3 Bg7 13. Bd2 Nc6 14. Rae1 Bf5
15. Ng3 Bd7 16. Bd5 e6 17. Bxc6 Bxc6 18. Re3 Rae8 19. Be1 a6 20. Bf2 f5 21. Rd1
e5 22. fxe5 f4 23. Ree1 fxg3 24. Bxg3 dxe5 25. Re3 Rd8 26. Rde1 Rd2 27. R3e2
Rxe2 0-1

[Event "Velka cena Tabora"]
[Site "?"]
[Date "2018.08.03"]
[Round "7.45"]
[White "Vojtek, Pavel"]
[Black "Ruta, Vit"]
[Result "1/2-1/2"]
[WhiteElo "1212"]
[BlackElo "1384"]
[PlyCount "145"]
[EventDate "2018.??.??"]

1. e4 e5 2. Nf3 Nc6 3. Bb5 Nf6 4. O-O Bc5 5. Bxc6 bxc6 6. Nxe5 O-O 7. d3 Re8 8.
Nf3 d5 9. e5 Ng4 10. d4 Bb6 11. h3 Nh6 12. Bxh6 gxh6 13. c3 Bf5 14. Qd2 Qd7 15.
Qxh6 Re6 16. Qf4 Rg6 17. Qh2 Be4 18. Nbd2 Kh8 19. Nxe4 dxe4 20. Nh4 Rg7 21.
Rae1 Qd5 22. Nf5 Rg5 23. Qf4 Rag8 24. Ne7 Rxg2+ 25. Kh1 Qe6 26. Qf6+ Qxf6 27.
exf6 R8g5 28. Rg1 Rxg1+ 29. Rxg1 Rxg1+ 30. Kxg1 c5 31. Nd5 cxd4 32. Nxb6 dxc3
33. bxc3 axb6 34. Kf1 h5 35. Ke2 Kh7 36. Ke3 Kg6 37. Kxe4 Kxf6 38. h4 Ke6 39.
Kf4 Kf6 40. c4 c6 41. a3 b5 42. cxb5 cxb5 43. Ke4 Ke6 44. Kd4 Kd6 45. f4 f5 46.
Kc3 Kc5 47. Kb3 Kc6 48. Kb4 Kb6 49. Kc3 Kc5 50. Kb3 Kd4 51. Kb4 Ke4 52. Kxb5
Kxf4 53. a4 Kg4 54. a5 f4 55. a6 f3 56. a7 f2 57. a8=Q f1=Q+ 58. Kc5 Qf2+ 59.
Kc4 Qc2+ 60. Kd4 Qd2+ 61. Kc4 Kxh4 62. Qh1+ Kg4 63. Qg1+ Kh3 64. Qh1+ Kg4 65.
Qg1+ Kf4 66. Qf1+ Kg3 67. Qg1+ Qg2 68. Qe3+ Kg4 69. Qd4+ Kh3 70. Qd3+ Qg3 71.
Qf1+ Kh2 72. Qe2+ Qg2 73. Qxh5+ 1/2-1/2

[Event "Velka cena Tabora"]
[Site "?"]
[Date "2018.08.03"]
[Round "7.46"]
[White "Chval, Zdenek"]
[Black "Zilava, Anezka"]
[Result "1-0"]
[WhiteElo "1360"]
[BlackElo "1322"]
[PlyCount "43"]
[EventDate "2018.??.??"]

1. e4 e5 2. Nf3 Nc6 3. Bc4 Bc5 4. c3 Nf6 5. d4 exd4 6. e5 d5 7. Bb5 Ne4 8. cxd4
Bb4+ 9. Nbd2 Bg4 10. Qa4 Bxd2+ 11. Nxd2 Bd7 12. O-O a6 13. Bxc6 Bxc6 14. Qb3
Qh4 15. Nxe4 Qxe4 16. Qb4 Bb5 17. Bg5 Kd7 18. Qe7+ Kc6 19. Rfc1+ Kb6 20. Qxc7+
Ka7 21. Qc5+ Kb8 22. Be7 1-0

[Event "Velka cena Tabora"]
[Site "?"]
[Date "2018.08.03"]
[Round "7.47"]
[White "Kratochvil, Milos"]
[Black "Vanek, Frantisek"]
[Result "1-0"]
[WhiteElo "1000"]
[BlackElo "1421"]
[PlyCount "39"]
[EventDate "2018.??.??"]

1. d4 Nf6 2. c4 e6 3. Nc3 Bb4 4. Bd2 d5 5. e3 b6 6. Qa4+ Qd7 7. Qxb4 Ba6 8. Nf3
Nc6 9. Qa3 Bxc4 10. Bxc4 dxc4 11. O-O Na5 12. Ne5 Qe7 13. Qxe7+ Kxe7 14. Nb5
Ne8 15. Bb4+ Kf6 16. Nd7+ Kf5 17. e4+ Kxe4 18. Rfe1+ Kd5 19. Ne5 f6 20. Nc3+
1-0

[Event "Velka cena Tabora"]
[Site "?"]
[Date "2018.08.03"]
[Round "7.48"]
[White "Veverkova, Dorota"]
[Black "Dofek, Tomas"]
[Result "1-0"]
[WhiteElo "1277"]
[BlackElo "1158"]
[PlyCount "67"]
[EventDate "2018.??.??"]

1. e4 e5 2. Nf3 Nc6 3. Bc4 Bc5 4. c3 d6 5. O-O Bg4 6. h3 Bh5 7. d3 Nf6 8. Be3
Bb6 9. Nbd2 O-O 10. Re1 Re8 11. Nf1 Qd7 12. Ng3 Bg6 13. Bxb6 axb6 14. d4 Red8
15. Qd2 Qe7 16. Rad1 h6 17. Qe2 Qe8 18. dxe5 dxe5 19. Nh4 Bh7 20. Nhf5 Bxf5 21.
Nxf5 Ne7 22. Qf3 Nxf5 23. exf5 Rab8 24. Rxd8 Qxd8 25. Rxe5 c6 26. Qe2 Kf8 27.
g4 Nd7 28. Re3 Nc5 29. f4 Qc7 30. Qf3 Rd8 31. g5 hxg5 32. Qh5 Kg8 33. fxg5 Rd2
34. Re8# 1-0

[Event "Velka cena Tabora"]
[Site "?"]
[Date "2018.08.03"]
[Round "7.49"]
[White "Handlovsky, Jachym"]
[Black "Tipplova, Adela"]
[Result "1/2-1/2"]
[WhiteElo "1225"]
[BlackElo "1117"]
[PlyCount "58"]
[EventDate "2018.??.??"]

1. e4 e5 2. Nf3 Nc6 3. Bc4 Nf6 4. d3 d5 5. exd5 Nxd5 6. Bxd5 Qxd5 7. Bd2 Bg4 8.
h3 Bh5 9. g4 Bg6 10. Nc3 Qd7 11. Qe2 Bd6 12. O-O-O O-O-O 13. Rhe1 Rhe8 14. a3
f6 15. Nh4 Qf7 16. Nxg6 Qxg6 17. Qe4 Qxe4 18. dxe4 Bc5 19. f3 Nd4 20. Rf1 g5
21. Be3 Nb3+ 22. cxb3 Bxe3+ 23. Kc2 a6 24. Rfe1 Rxd1 25. Rxd1 Rd8 26. Rxd8+
Kxd8 27. Kd3 Bd4 28. Kc4 b5+ 29. Kd3 Bxc3 1/2-1/2

[Event "Velka cena Tabora"]
[Site "?"]
[Date "2018.08.05"]
[Round "9.11"]
[White "Bartos, Alois"]
[Black "Tesar, Jan"]
[Result "0-1"]
[WhiteElo "1971"]
[BlackElo "2047"]
[PlyCount "76"]
[EventDate "2018.??.??"]

1. e4 c5 2. Nf3 a6 3. d4 cxd4 4. Nxd4 Nf6 5. Nc3 e5 6. Nb3 Bb4 7. Bd2 O-O 8.
Bd3 d5 9. Nxd5 Nxd5 10. exd5 Bxd2+ 11. Qxd2 e4 12. Be2 b5 13. a4 bxa4 14. Rxa4
Bf5 15. O-O Qd6 16. c4 Nd7 17. Nd4 Bg6 18. f3 Rfe8 19. fxe4 Nc5 20. Ra3 Nxe4
21. Qd1 Rab8 22. Nb3 Nc3 23. c5 Nxd1 24. cxd6 Ne3 25. d7 Red8 26. Nd4 Nxf1 27.
Nc6 Nd2 28. Nxb8 Rxb8 29. Rc3 Bf5 30. Rc7 Rd8 31. Bxa6 Bxd7 32. Kf2 Kf8 33. Rc2
Ne4+ 34. Ke3 Nf6 35. Bc4 Bf5 36. Rd2 Ke7 37. Rd4 Kd6 38. h3 Re8+ 0-1

[Event "Velka cena Tabora"]
[Site "?"]
[Date "2018.08.05"]
[Round "9.12"]
[White "Kubin, Petr"]
[Black "Havluj, Zdenek"]
[Result "1/2-1/2"]
[WhiteElo "1998"]
[BlackElo "1873"]
[PlyCount "61"]
[EventDate "2018.??.??"]

1. d4 Nf6 2. c4 g6 3. Nc3 Bg7 4. e4 d6 5. Nf3 O-O 6. Be2 e5 7. O-O exd4 8. Nxd4
Re8 9. f3 Bd7 10. Be3 Nc6 11. Qd2 a6 12. Rfd1 Rb8 13. Rab1 Ne5 14. b4 Be6 15.
Nxe6 Rxe6 16. a4 Qe8 17. c5 dxc5 18. Bxc5 Ned7 19. Be3 Rd6 20. Qc2 Rxd1+ 21.
Rxd1 Ne5 22. Nd5 c6 23. Nb6 Rd8 24. a5 Bf8 25. Qc3 Rxd1+ 26. Bxd1 Nfd7 27. Bb3
Nxb6 28. Bxb6 Nd7 29. Bd4 Qe7 30. Qc4 Bg7 31. Bxg7 1/2-1/2

[Event "Velka cena Tabora"]
[Site "?"]
[Date "2018.08.05"]
[Round "9.13"]
[White "Masek, Jan"]
[Black "Odehnal, Jaroslav"]
[Result "0-1"]
[WhiteElo "1909"]
[BlackElo "1974"]
[PlyCount "108"]
[EventDate "2018.??.??"]

1. e4 e5 2. Nf3 Nc6 3. Bb5 a6 4. Ba4 Nf6 5. O-O Be7 6. Re1 b5 7. Bb3 d6 8. c3
Na5 9. Bc2 c5 10. d4 Qc7 11. h3 Nc6 12. d5 Nd8 13. Nbd2 Nd7 14. Nf1 f6 15. g4
Nf7 16. Ng3 Nf8 17. Nh5 g6 18. Ng7+ Kd8 19. a4 Qb7 20. Qe2 Bd7 21. Ne6+ Nxe6
22. dxe6 Bxe6 23. axb5 a5 24. c4 Ke8 25. Bd2 Bd8 26. Kg2 h5 27. Nh2 f5 28. f3
f4 29. Rh1 h4 30. Ra4 Ng5 31. Rha1 Bd7 32. Qd3 Ke7 33. Qd5 Ra7 34. Bxa5 Bxa5
35. Rxa5 Rxa5 36. Qxb7 Rxa1 37. Qd5 Ra2 38. Qd3 Rxb2 39. Qc3 Rb4 40. Nf1 Ra8
41. Nd2 Ne6 42. Kf1 Nd4 43. Bd1 Ra2 44. Ke1 Rbb2 45. Bb3 Nxb3 46. Nxb3 Rh2 47.
Nd2 Raxd2 48. Qxd2 Rxd2 49. Kxd2 Kd8 50. Kc3 Kc7 51. Kb3 Kb6 52. Ka4 g5 53. Kb3
Bxb5 54. cxb5 Kxb5 0-1

[Event "Velka cena Tabora"]
[Site "?"]
[Date "2018.08.05"]
[Round "9.14"]
[White "Nejdl, Eduard"]
[Black "Van Nieuwenhuizen, Hans"]
[Result "0-1"]
[WhiteElo "2059"]
[BlackElo "1864"]
[PlyCount "72"]
[EventDate "2018.??.??"]

1. e4 e5 2. Nf3 Nf6 3. Nc3 Nc6 4. g3 g6 5. Bg2 Bg7 6. O-O O-O 7. d4 d6 8. dxe5
dxe5 9. Qxd8 Rxd8 10. Bg5 Re8 11. Nb5 Re7 12. Nc3 Re8 13. h3 Nd4 14. Nxd4 exd4
15. Nb5 Nxe4 16. Rfe1 Bf5 17. Nxc7 Nxg5 18. Nxe8 Bxc2 19. Nxg7 Kxg7 20. h4 Ne6
21. Bd5 d3 22. Bb3 Nd4 23. Re4 Nxb3 24. axb3 Rd8 25. Rc4 Bxb3 26. Rc3 Bc2 27.
Kg2 a5 28. Kf3 d2 29. Rxc2 d1=Q+ 30. Rxd1 Rxd1 31. Ke4 Rd6 32. g4 Rb6 33. f3
Kf6 34. Kd5 Rb3 35. Rf2 b5 36. g5+ Kf5 0-1

[Event "Velka cena Tabora"]
[Site "?"]
[Date "2018.08.05"]
[Round "9.15"]
[White "Placer, Sebastian"]
[Black "Kudrlicka, Ladislav"]
[Result "1/2-1/2"]
[WhiteElo "1868"]
[BlackElo "2031"]
[PlyCount "44"]
[EventDate "2018.??.??"]

1. d4 d5 2. c4 e6 3. Nc3 Nf6 4. cxd5 exd5 5. Bg5 c6 6. e3 Be7 7. Bd3 O-O 8. Nf3
Nbd7 9. O-O Re8 10. Qc2 Nf8 11. h3 Ng6 12. Rab1 Ne4 13. Bxe7 Qxe7 14. b4 a6 15.
a4 Ng5 16. Nxg5 Qxg5 17. Kh2 Qh6 18. Bf5 Bxf5 19. Qxf5 Re6 20. b5 axb5 21. axb5
Nh4 22. Qd3 Qg6 1/2-1/2